000 00851nas a2200277 4500
001 BR2010001190
003 BR-BrBNA
005 20231205113930.0
007 ta
008 230509b bl.|||p| |||| 00| 00por d
040 _aBR-BrBNA
_bpor
_cBiblioteca Nacional de Agricultura
041 _a(En)
072 _aF60
100 1 _aFalqueto, A.R.
100 1 _aCassol, D.
100 1 _aMagalhães Júnior, A.M. de
100 1 _aOliveira, A.C. de
100 1 _aBacarin, M.A.
245 1 _aPhysiological analysis of leaf senescence of two rice cultivars with different yield potential
650 _aARROZ
650 _aSENESCENCIA
650 _aFOLHA
773 0 _tPesquisa Agropecuária Brasileira (Brazil)
_xISSN 0100-204X
_g(Jul 2009), v. 44(7) p. 695-700
_wBR2010001190
909 _a202311
_bLúcia
_c55
_dLúcia Elande
942 _2AGRIS
_n0
_cANA
999 _c206347
_d206347